000 00610nam a2200229 i 4500
001 C2-0282164
003 PPAK
005 20180728012605.0
008 071001s2001 xx |||| ||||| | may d
040 _aPPAK
_beng
_cPPAK
_erda
082 0 4 _a320
_223
090 0 0 _a320
_bSOL
_dKSS
100 0 _aM. Solly Lubis,
_eauthor
245 1 0 _aVisi dan missi melayu antarabangsa dalam tinjauan politik strategik
264 1 _c2001
300 _a13 pages ;
_c30 cm
336 _2rdacontent
_atext
337 _2rdamedia
_aunmediated
338 _2rdacarrier
_avolume
650 1 0 _aPolitical Science
942 _ddc
_cB
999 _c88447
_d88447